Loading...
Wit and wisdom of Indira Gandhi: Uncrowned queen of India /
| Other Authors: | |
|---|---|
| Format: | Printed Book |
| Language: | English |
| Published: |
New Delhi :
New Book & Co.,
1971.
|
| LEADER | 00493nam a2200133Ia 4500 | ||
|---|---|---|---|
| 008 | 150624b xxu||||| |||| 00| 0 eng d | ||
| 082 | |a 923.254I | ||
| 245 | |a Wit and wisdom of Indira Gandhi: |b Uncrowned queen of India / |c edited by N. B. Sen | ||
| 260 | |a New Delhi : |b New Book & Co., |c 1971. | ||
| 300 | |a 326 p. | ||
| 700 | |a Sen, N. B. |e editor. | ||
| 942 | |c BK | ||
| 999 | |c 21 |d 21 | ||
| 952 | |0 0 |1 0 |4 0 |6 923_000000000000000_254I_SEN_W |7 0 |9 20 |a UL |b UL |c ST2 |d 1998-09-07 |o 923.254I SEN/W |p 1518 |r 2012-10-27 |w 2012-10-27 |y BK | ||